00469pab a2200145 454500008004000000100001600040245005800056260000900114300001100123650002100134773003800155909001000193999001700203952010300220180718b2001 xxu||||| |||| 00| 0 eng d aMomin, A.R. aThe management of ethnic conflict in plural societies c2001 ap.1-30 aEthnic conflicts aIndian Journal of Federal Studies a48263 c48263d48263 00104070aIIPAbIIPAd2018-07-19hVolume no: 2, Issue no: 1pAR48691r2018-07-19w2018-07-19yAR